000 00545nam a2200181 a 4500
003 PILC
005 20150112093441.0
008 100726s19uu xx 00 eng d
020 _a9715843786
050 _aJC 273
_b.D188 2005
082 _aSFf 320.9559
_bD23 2005
100 _aDannug, Roman R.
_919249
245 _aPolitics and governance /
_cDannug, Roman R.
260 _aQuezon City, Philippines :
_bC&E Publishing, Inc,
_c2005.
300 _a315 pages :
_c22 cm.
650 _aPolitical science - Philippipnes
_919250
942 _2lcc
_cBK
999 _c14764
_d14764